Flags of the League of Nations - Statistics

General Stats
  • This quiz has been taken 27 times
  • The average score is 52 of 63
Answer Stats
Picture Hint Answer % Correct
1920-1941 France
100%
1926-1933 Germany
96%
1920-1933 Japan
96%
1920-1945 New Zealand
96%
1920-1945 Australia
92%
1920-1945 United Kingdom
92%
1920-1921, 1933-1945 Argentina
88%
1920-1938 Austria
88%
1920-1945 Belgium
88%
1920-1926 Brazil
88%
1920-1938 Chile
88%
1920-1945 Colombia
88%
1920-1939 Czechoslovakia
88%
1920-1943 Denmark
88%
1934-1945 Ecuador
88%
1920-1945 Finland
88%
1920-1936 Honduras
88%
1923-1945 Ireland
88%
1920-1937 Italy
88%
1920-1945 Luxembourg
88%
1931-1945 Mexico
88%
1920-1945 Netherlands
88%
1920-1945 Norway
88%
1920-1945 Panama
88%
1920-1935 Paraguay
88%
1920-1945 Poland
88%
1920-1945 Portugal
88%
1920-1939 Spain
88%
1920-1945 Sweden
88%
1920-1945 Switzerland
88%
1932-1945 Turkey
88%
1920-1945 Uruguay
88%
1920-1938 Venezuela
88%
1920-1945 Albania
83%
1920-1925 Costa Rica
83%
1920-1945 Cuba
83%
1921-1940 Estonia
83%
1920-1936 Guatemala
83%
1922-1939 Hungary
83%
1921-1940 Latvia
83%
1920-1945 Liberia
83%
1921-1940 Lithuania
83%
1920-1936 Nicaragua
83%
1920-1939 Peru
83%
1920-1940 Romania
83%
1920-1945 Siam
83%
1934-1945 Afghanistan
79%
1920-1945 Bulgaria
79%
1920-1945 China
79%
1924-1945 Dominican Republic
79%
1920-1937 El Salvador
79%
1920-1942 Haiti
79%
1934-1939 Soviet Union
79%
1920-1945 Bolivia
75%
1920-1945 Canada
75%
1923-1945 Abyssinia
71%
1920-1945 Greece
71%
1920-1945 Yugoslavia
71%
1920-1945 India
58%
1920-1945 Persia
58%
1920-1945 South Africa
58%
1932-1945 Iraq
46%
1937-1945 Egypt
33%
No matching quizzes found
Score Distribution
Percent of People with Each Score
Percentile by Number Answered
Your Score History
You have not taken this quiz